000 00381pab a2200157 454500
008 180718b2001 xxu||||| |||| 00| 0 eng d
100 _aShort, Clare
245 _aAgenda for humanity: globalisation can work for the poor
260 _c2001
300 _ap.12
362 _a16 Jan
650 _aPoverty
650 _aGlobalization
773 _aTimes of India
909 _a48743
999 _c48743
_d48743